Descubrir valores jugando (Registro nro. 7851)

Detalles MARC
000 -Cabecera
Campo de control de longitud fija 00669ntm a22002777a 4500
005 - Fecha y hora de la última transacción
Campo de control 20260421150024.0
008 - Elementos de longitud fija--Información general
Campo de control de longitud fija 160315b2013 xxu||||| |||| 00| | spa d
020 ## - International Standard Book Number
Número Internacional Estándar del Libro (ISBN) 9789505076017
041 ## - Idioma
Código de idioma Español
082 ## - Clasificación Decimal Dewey
Número de clasificación 370.11 G192d8
100 ## - Entrada principal--Autor personal
Nombre personal Gamboa de Vitelleschi, Susana
9 (RLIN) 7075
245 ## - Título propiamente dicho
Título Descubrir valores jugando
250 ## - Edición
Mención de edición 8 edición
260 ## - Pie de imprenta
Lugar de publicación, distribución, etc. Argentina
260 ## - Pie de imprenta
Nombre del editor, distribuidor, etc. Bonum
260 ## - Pie de imprenta
Fecha de publicación, distribución, etc. 2013
300 ## - Descripción física
Extensión 195 páginas
490 ## - Serie
Título de la Serie Temática General
650 ## - Materia general
Temática (materia general) VALORES SOCIALES
650 ## - Materia general
Temática (materia general) ACTITUDES
650 ## - Materia general
Temática (materia general) PSICOLOGÍA SOCIAL
650 ## - Materia general
Temática (materia general) JUEGOS
650 ## - Materia general
Temática (materia general) EDUCACIÓN MORAL
650 ## - Materia general
Temática (materia general) DINÁMICAS
942 ## - Punto de acceso adicional KOHA
Tipo de ítem KOHA Libro
Fuente del sistema de clasificación o colocación Dewey Decimal Classification
Existencias
Signatura completa Código de barras Programa Académico Tipo de ítem
370.11 G192d8 20814 Temática General Libro